| 000 | 00763cab a2200217 4500 | ||
|---|---|---|---|
| 001 | ABS36886 | ||
| 008 | 090401t1986 xxu||||| |||| 00| 0 eng d | ||
| 035 | _a(Sirsi) u871 | ||
| 041 | _aeng | ||
| 100 | _aSyms, P. | ||
| 245 | _aEnterprise zones -1: The effects of zones on local property markets | ||
| 260 | _c1986 | ||
| 350 | _a0 | ||
| 490 |
_aEstates Gazette _v279 (6302) 20 September 1986 p1162 (1) |
||
| 520 | _aThe impact of the zones was examined in the event of differing reponses by property developers and business occupiers. A set of four scenarios was devised to encompass the full range of possible outcomes. | ||
| 650 | _aPROPERTY MARKET | ||
| 690 | _aPROPERTY LAW AND PRACTICE | ||
| 700 | _aErickson, R. | ||
| 942 | _n0 | ||
| 948 | _c04/03/1997 | ||
| 999 |
_c485 _d485 |
||